Devinez la Capitale Mystère #101 - Statistiques

Statistiques générales
  • Ce quiz a été pris 143 fois
  • Le résultat moyen est 26 sur 32
Statistiques - réponses
Type de Réponse Réponse % Correct
Lettre de l'Alphabet I
100%
Lettre Trouvée R
100%
Lettre Trouvée A
99%
Lettre de l'Alphabet S
99%
Lettre de l'Alphabet P
97%
Lettre Trouvée E
96%
Lettre de l'Alphabet O
96%
Lettre de l'Alphabet N
95%
Lettre de l'Alphabet B
93%
Lettre de l'Alphabet D
92%
Lettre Trouvée L
92%
Lettre de l'Alphabet M
92%
Lettre de l'Alphabet T
92%
Lettre de l'Alphabet U
86%
Lettre Trouvée G
84%
Lettre de l'Alphabet H
84%
Lettre de l'Alphabet K
81%
Lettre de l'Alphabet W
81%
Lettre de l'Alphabet C
80%
Lettre Bien Placée E
78%
Lettre de l'Alphabet Y
77%
Lettre de l'Alphabet V
76%
Lettre Bien Placée R
75%
Lettre de l'Alphabet X
70%
Lettre Bien Placée A
68%
Lettre Bien Placée G
68%
Lettre de l'Alphabet F
67%
Lettre de l'Alphabet J
67%
Lettre de l'Alphabet Z
66%
Lettre de l'Alphabet Q
64%
Capitale Mystère Alger
61%
Lettre Bien Placée L
61%
Aucun quiz correspondant
Distribution des résultats
% des personnes avec chaque résultat
Percentile par nombre de réponses
Votre historique - résultats
Vous n’avez pas pris ce quiz